Paroles _ L'apologie de MATMATAH - Statistiques

Statistiques générales
  • Ce quiz a été pris 142 fois
    132 depuis la dernière actualisation
  • Le résultat moyen est 239 sur 305
Statistiques - réponses
Hint Réponse % Correct
la
99%
La
99%
à
97%
a
97%
A
97%
et
96%
Et
96%
Je
96%
je
96%
le
96%
Le
96%
ne
96%
pas
96%
Couplet 2 Ce
94%
ce
94%
de
94%
cet
93%
Couplet 1 Cette
92%
cette
92%
moi
92%
pétard
90%
si
90%
Si
90%
alcool
89%
en
89%
ou
89%
par
89%
y'a
89%
choisir
88%
nous
88%
photo,
88%
pour
88%
Pour
88%
raison
88%
un
88%
Refrain Un
88%
apologie
86%
c'est
86%
C'est
86%
choisis
86%
cigarette
86%
leurs
86%
qui
86%
Ricard,
86%
sou-
86%
cafard
85%
dans
85%
Deux
85%
Les
85%
les
85%
l'état
85%
ont
85%
son
85%
t'as
85%
vraiment
85%
au
83%
avec
83%
bien
83%
est
83%
étrange
83%
joint
83%
Non
83%
rend
83%
se
83%
sûr
83%
fais
82%
marocco
82%
que
82%
rien
82%
tout
82%
conseille
81%
L'an
81%
même
81%
2000
79%
Comme
79%
fait
79%
modération
79%
panard
79%
approchant
78%
déraison
78%
jusqu'à
78%
Mais
78%
n'élève
78%
soûlards,
78%
alcools
76%
dédramatisons
76%
devenu
76%
il
76%
l'alcool
76%
Couplet 3 L'alcool
76%
peu
76%
qu'il
76%
Y'en
76%
dit
75%
morale
75%
passion
75%
qu'on
75%
retard
75%
canna
74%
léger
74%
mon
74%
n'en
74%
notre
74%
parfois
74%
pays
74%
quelques
74%
triste
74%
affaire
72%
époque
72%
fausse
72%
natal
72%
prend
72%
rattraper
72%
une
72%
Vivons
72%
Des
71%
guerre
71%
l'agresseur
71%
lui
71%
l'église
69%
touche
69%
hagard
68%
n'était
68%
pourrait
68%
anti-
67%
cas
67%
entier
67%
fatal
67%
jour
67%
parce
67%
vend
67%
aux
65%
banal
65%
dépresseur
65%
être
65%
joints
65%
l'homme
65%
mieux
65%
petits
65%
soit
65%
tant
65%
vérité
65%
dangereux
64%
libertés
64%
main
64%
peuple
64%
respirer
64%
Voilà
64%
caisses
63%
Car
63%
devrait
61%
fois
61%
légaliser
61%
noyés
61%
tabac
61%
vous
61%
choque
60%
mystifient,
60%
simple
60%
loué
58%
moins
58%
chez
57%
cieux
57%
pourtant
57%
emplir
56%
pouvait
56%
s'envoleraient
56%
Malheureusement
54%
mort
54%
Nos
54%
tuer
54%
Voir
54%
blesse
53%
droit
53%
homme
53%
l'argent
53%
dirigeants
51%
encore
51%
tituber
51%
autorisée
50%
cirrhose
50%
comptes
47%
payée,
46%
yeux
46%
donc
44%
fumée
43%
bât
42%
dames
42%
deniers
42%
fermeraient
42%
affables
40%
apportent
40%
haschisch
39%
Messieurs
39%
mourrez
38%
patente
35%
d'alcool
33%
s'rait
29%
Aucun quiz correspondant
Distribution des résultats
% des personnes avec chaque résultat
Percentile par nombre de réponses
Votre historique - résultats
Vous n’avez pas pris ce quiz depuis la dernière actualisation